[Event "World Team-ch Women 2019"]
[Site "Astana"]
[Date "2019.03.06"]
[Round "2.1"]
[White "Danielian, Elina"]
[Black "Lagno, Kateryna"]
[Result "0-1"]
[WhiteElo "2402"]
[BlackElo "2559"]
[Annotator "TA"]
[PlyCount "112"]
[EventDate "2019.02.05"]
[EventType "team-tourn"]
[EventCountry "KAZ"]
[SourceTitle "playchess.com"]
[Source "ChessBase"]
[SourceQuality "1"]
[WhiteTeam "Armenia"]
[BlackTeam "Russia"]
[WhiteTeamCountry "ARM"]
[BlackTeamCountry "RUS"]

{[%evp 19,112,0,2,-28,-27,-42,-45,-57,0,0,0,0,0,0,-4,-7,-7,-9,-9,-10,-9,-9,-12,-6,-4,-5,-6,-6,-4,-19,0,-27,-28,-32,-10,-17,-15,-8,-20,-30,0,0,0,-17,-29,-30,-22,-62,-35,-35,-35,-35,-35,-35,-35,-160,-155,-166,-31,-205,-204,-306,-285,-332,-346,-446,-431,-728,-748,-766,-766,-751,-718,-776,-756,-708,-706,-666,-650,-1257,-1161,-1501,-1247,-5085,-5085,-29972,-29973,-29974,-29975,-29975,-29974,-29978,-29979,-29979,-29980]} 1. d4 d5 2. Nf3 Nf6 3. c4 dxc4 4. e3 e6 5. Bxc4 c5 6. O-O Nc6 7. Qe2 a6 8. Rd1 b5 9. dxc5 Qc7 10. Bb3 Bxc5 11. h3 {D28: Queen's Gambit Accepted: Classical main line: 7 Qe2 with early ...Nc6} Bb7 12. Nc3 O-O 13. e4 {Black is slightly better.} Nd7 (13... Na5 $15) (13... Rad8 14. Be3 Ne5 15. Bf4 Nxf3+ 16. Qxf3 {½-½ (48) Hautot,S (2359)-Van der Stricht,G (2375) Schelle 2015}) 14. Be3 $146 ({Predecessor:} 14. a3 Nde5 15. Bf4 Nxf3+ 16. Qxf3 {0-1 (35) Olsen,F (2196)-Olsson,L (2271) Sweden 2016}) 14... Bxe3 15. Qxe3 Rad8 16. Rac1 Qb6 17. Nd4 Nxd4 18. Qxd4 Qxd4 19. Rxd4 {next Rcd1 is good for White.} Nc5 20. Rcd1 Rxd4 21. Rxd4 Rc8 22. f3 Kf8 23. Kf2 Ke7 24. Ke3 g5 25. Rd1 h5 26. g3 g4 27. hxg4 hxg4 28. fxg4 Rg8 29. Kf4 b4 30. Na4 $1 {[%cal Ra4c5]} Nxe4 31. Nb6 Nc5 32. g5 Rh8 33. Na4 Nxa4 (33... Nxb3 {with more complications.} 34. axb3 Rh2 35. Nb6 Bc6 36. Nc8+ Ke8) 34. Bxa4 $15 {[%mdl 4096] Endgame aiming for Rd7+. KRB-KRB} Bd5 35. Bb3 Bxb3 36. axb3 {KR-KR} Rh2 37. Rb1 (37. Ra1 $1 $15) 37... Rf2+ $1 $17 38. Kg4 {[#]} Rd2 ({Better is} 38... Kf8 $1 $19 {...Kg7 is the strong threat.} 39. Ra1 Rxb2 40. Rxa6 Rxb3) 39. Kf4 $2 (39. Ra1 $1 $15) 39... Rd4+ $19 40. Kf3 (40. Ke3 $142 Rg4 41. Kf3 Rxg5 42. Rh1) 40... Rd3+ 41. Kf4 Rxb3 42. g4 a5 43. Ra1 (43. Ke4 $142 a4 44. Ra1) 43... Rxb2 44. Rxa5 b3 {[%cal Bb4b3,Bb3b2][%mdl 32]} 45. Rb5 Kd6 46. Ke3 Rg2 47. Kf3 {[#]} Rh2 $1 48. Ke4 b2 49. Rb8 Kc5 50. g6 fxg6 51. Ke5 Rf2 52. Kxe6 Kd4 {Black mates.} 53. g5 Kc3 54. Rc8+ Kd2 55. Rb8 Kc1 56. Rc8+ Rc2 {Accuracy: White = 39%, Black = 70%.} 0-1

[Event "World Team-ch Women 2019"]
[Site "Astana"]
[Date "2019.03.06"]
[Round "2.2"]
[White "Gunina, Valentina"]
[Black "Mkrtchian, Lilit"]
[Result "1/2-1/2"]
[WhiteElo "2515"]
[BlackElo "2390"]
[Annotator "TA"]
[PlyCount "119"]
[EventDate "2019.02.05"]
[EventType "team-tourn"]
[EventCountry "KAZ"]
[SourceTitle "playchess.com"]
[Source "ChessBase"]
[SourceQuality "1"]
[WhiteTeam "Russia"]
[BlackTeam "Armenia"]
[WhiteTeamCountry "RUS"]
[BlackTeamCountry "ARM"]

{[%evp 15,119,18,18,16,28,23,31,18,11,12,14,14,12,14,35,0,28,25,31,39,32,29,36,31,31,12,36,24,34,0,0,0,0,0,0,0,0,0,0,0,18,-67,0,-75,-70,-24,-53,-107,-7,-39,-27,-94,-81,-76,-95,-108,0,0,-16,-17,0,0,0,0,0,0,11,4,6,8,9,8,18,18,18,21,26,0,4,-1,0,0,0,0,0,-8,-8,-71,-71,-70,-70,-123,0,-2,-2,-2,-2,0,0,0,0,0,0,0,0,0]} 1. e4 e6 2. d4 d5 3. Nd2 Be7 4. Ngf3 Nf6 5. e5 Nfd7 6. Bd3 c5 7. c3 Nc6 8. O-O a5 9. a4 {C06: French Tarrasch: 3...Nf6 4 e5 Nfd7 5 Bd3 main lines} (9. Re1 cxd4 10. cxd4 Qb6 11. a4 Nxd4 12. Nxd4 Qxd4 13. Nf3 Qb6 14. Be3 Nc5 15. Bb5+ Bd7 16. Nd4 Bxb5 17. Nxb5 O-O 18. Qg4 Rfc8 {0-1 (33) Naroditsky,D (2631)-So,W (2779) ICC INT 2015}) 9... cxd4 10. cxd4 Nb4 11. Bb5 {White is slightly better.} O-O 12. Nb1 Nb6 13. Nc3 Bd7 14. Ne1 Rc8 $146 ({Predecessor:} 14... Bxb5 15. axb5 Qd7 16. Qg4 Rfc8 {½-½ (41) Quesada Perez,Y (2582)-Arencibia Rodriguez,W (2500) Havana 2010}) 15. f4 Nc4 16. Rf3 f6 17. b3 Nb6 18. Rh3 Be8 19. Bxe8 Qxe8 ({Don't blunder} 19... Rxe8 $2 20. Qh5 $18) 20. Bd2 Na8 21. Nb5 Nc7 22. Nd6 Bxd6 $1 23. exd6 Nca6 24. Qg4 Rd8 25. f5 Rxd6 26. Qh4 h5 $1 27. Qg3 Rc6 28. Nf3 (28. Bh6 $1 $11 Qf7 29. Rxh5 $1 {[%mdl 512]}) 28... exf5 (28... Nc2 $1 $15 29. Rf1 exf5) 29. Rf1 (29. Re1 $11 Re6 30. Rxe6 Qxe6 31. Rxh5) 29... Nc2 $1 $17 30. Bh6 {[%csl Gh6][%cal Rg3g7]} Rc7 31. Rc1 (31. Rf2 $15) 31... Qf7 ({Black should try} 31... Rff7 $17 32. Bf4 Rc3) 32. Qf2 $1 $11 {Strongly threatening Rg3.} Ncb4 33. Rxc7 (33. Nh4 $1 $11 {remains equal.}) 33... Qxc7 $17 34. Rg3 Rf7 {aiming for ...f4.} 35. Nh4 {[#]} Qc2 ({Black should play} 35... f4 $1 $17 36. Bxf4 (36. Qxf4 Qxf4) 36... Qc2) 36. Qxc2 $11 Nxc2 37. Nxf5 Kh7 38. Bxg7 Nxd4 39. Nxd4 {Black must now prevent Ne6.} Rxg7 {[%mdl 4096] Endgame KRN-KRN} 40. Rf3 Rg4 41. Ne6 Rb4 42. Rxf6 Rxb3 43. Rf5 Rb4 44. Rxh5+ Kg6 45. Rxd5 Rxa4 46. Kf2 Kf6 47. Nd4 Nc7 48. Rd7 Rc4 49. h4 Ne6 50. Nf3 Nc5 51. Rd8 (51. Rd6+ $11 Kg7 52. Ke3) 51... a4 $17 52. h5 {h6 is the strong threat.} Kg7 $1 {Hoping for ...a3.} 53. Ra8 Ne4+ (53... b5 $17 {And now ...b4 would win.} 54. Kg3 b4) 54. Ke3 $11 {The position is equal.} Nf6 55. Kd3 Rb4 56. Nd4 Nxh5 57. Kc3 Rb6 58. Rxa4 Kg6 59. Nf3 Nf6 60. Ra5 {Accuracy: White = 61%, Black = 67%.} 1/2-1/2

[Event "World Team-ch Women 2019"]
[Site "Astana"]
[Date "2019.03.06"]
[Round "2.3"]
[White "Sargsyan, Anna M."]
[Black "Goryachkina, Aleksandra"]
[Result "0-1"]
[WhiteElo "2340"]
[BlackElo "2504"]
[Annotator "TA"]
[PlyCount "66"]
[EventDate "2019.02.05"]
[EventType "team-tourn"]
[EventCountry "KAZ"]
[SourceTitle "playchess.com"]
[Source "ChessBase"]
[SourceQuality "1"]
[WhiteTeam "Armenia"]
[BlackTeam "Russia"]
[WhiteTeamCountry "ARM"]
[BlackTeamCountry "RUS"]

{[%evp 16,66,9,2,6,0,28,41,44,30,21,0,0,0,0,-83,-90,-91,-101,-256,-256,-250,-247,-247,-248,-267,-266,-268,-272,-265,-267,-254,-235,-257,-263,-261,-246,-250,-250,-363,-363,-339,-346,-446,-437,-724,-663,-643,-475,-422,-438,-396,-389]} 1. d4 d5 2. c4 c6 3. Nf3 Nf6 4. Nc3 dxc4 5. a4 Bf5 6. Ne5 e6 7. f3 Bb4 8. Bg5 c5 9. dxc5 $1 {And now Qxd8+ would win.} Qxd1+ {D17: Slav Defence: 5 a4 Bf5: Lines with 6 Nh4 and 6 Ne5} 10. Kxd1 {Threatens to win with e4.} Nfd7 $146 ({Predecessor:} 10... Nbd7 11. Nxd7 Nxd7 12. e4 Bg6 13. Bxc4 Rc8 14. Bb5 f6 15. Be3 Bxc5 16. Bxc5 Rxc5 17. Kc2 {½-½ (57) Ivanisevic,I (2614)-Smeets,J (2642) Novi Sad 2009}) 11. Nxc4 O-O {White is slightly better.} 12. e4 Bg6 13. Kc2 Nc6 14. Rd1 Nxc5 15. Na2 {[#]} (15. h4 $11 {remains equal.}) 15... f5 $1 $36 {[%cal Rf5e4][%mdl 2048] Black is in control.} ({Wrong is} 15... Nxa4 $2 16. Nxb4 Nxb4+ 17. Kb3 $18) 16. Nxb4 Nxb4+ 17. Kb1 $2 (17. Kc3 $17 {is a better defense.} Na2+ 18. Kd2) 17... fxe4 $19 18. Ne5 Rf5 ({And not} 18... Nxa4 19. Nxg6 hxg6 20. Be7 $14) 19. Nxg6 Rxg5 20. Nf4 Rf5 21. g3 exf3 22. Bc4 Re8 23. Rhe1 {[%cal Rf4e6]} Kf8 24. Nxe6+ Nxe6 25. Rxe6 Rxe6 26. Bxe6 {[%mdl 4096] Endgame KRB-KRN} Re5 27. Bh3 (27. Bc4 $142) 27... f2 28. Kc1 Re1 29. Bf1 {White hopes to continue with Kd2.} Nc6 30. Kd2 (30. Kc2 $142 Ne5 31. h3) 30... Nd4 31. Bg2 Rg1 32. Bf1 {[#]} Nf3+ $1 33. Ke2 Nxh2 {Accuracy: White = 43%, Black = 85%.} 0-1

[Event "World Team-ch Women 2019"]
[Site "Astana"]
[Date "2019.03.06"]
[Round "2.4"]
[White "Girya, Olga"]
[Black "Ghukasyan, Siranush"]
[Result "1-0"]
[WhiteElo "2456"]
[BlackElo "2221"]
[Annotator "TA"]
[PlyCount "131"]
[EventDate "2019.02.05"]
[EventType "team-tourn"]
[EventCountry "KAZ"]
[SourceTitle "playchess.com"]
[Source "ChessBase"]
[SourceQuality "1"]
[WhiteTeam "Russia"]
[BlackTeam "Armenia"]
[WhiteTeamCountry "RUS"]
[BlackTeamCountry "ARM"]

{[%evp 9,131,1,0,12,22,21,35,35,35,15,15,16,21,8,28,11,14,30,24,23,14,20,65,46,87,39,49,44,142,149,144,59,38,28,25,18,18,5,15,0,0,0,10,5,8,10,33,40,54,18,32,25,70,62,62,0,69,0,62,62,62,51,61,0,0,0,84,69,125,22,13,20,27,40,29,8,15,8,15,15,15,13,375,374,348,335,307,312,441,404,412,275,560,532,575,588,569,567,1269,1230,3456,2084,5609,2515,4975,729,1237,1684,1508,1439,29949,12838,12825,12803,8843,5106,7623,7935,29977,29979,29979,29980,29979,29980]} 1. d4 d5 2. c4 c6 3. cxd5 cxd5 4. Bg5 (4. Nf3 Nc6 5. Nc3 Nf6 6. Bf4 Bf5 7. e3 e6 8. Bd3 Bxd3 9. Qxd3 Bd6 10. Bxd6 Qxd6 11. O-O O-O {½-½ (11) Dreev,A (2670)-Mamedyarov,S (2817) St Petersburg 2018}) 4... Nc6 5. Nc3 h6 6. Bh4 {D10: Slav Defence: 3 cxd5 (without early Nf3) and 3 Nc3} g5 7. Bg3 Nf6 8. e3 {White is slightly better.} Bf5 $146 ({Predecessor:} 8... Qa5 9. Bd3 Ne4 10. Bxe4 dxe4 11. a3 Bg7 {0-1 (44) Gislason,G (2336)-Ragnarsson,D (2320) Hafnarfjordur 2017}) 9. Bd3 Bxd3 10. Qxd3 e6 11. Nf3 a6 12. h4 g4 13. Ne5 Nxe5 14. Bxe5 Bd6 15. O-O-O Rg8 16. Kb1 Qe7 17. Bxf6 Qxf6 18. e4 dxe4 (18... Bb4 $14) 19. Nxe4 $16 Qe7 20. d5 (20. Qe3 $16) 20... O-O-O $1 $14 21. dxe6 Bc7 22. exf7 Qxf7 23. Qc2 {[#] Nd6+ is the strong threat.} Kb8 24. Rxd8+ Rxd8 25. Rd1 Rxd1+ 26. Qxd1 Qf5 27. Qd3 Qh5 28. g3 Qf5 29. Qe3 h5 30. Kc2 Be5 31. Qd3 Bc7 32. Qe3 Be5 33. Qd3 Bc7 $1 34. Kd1 Qa5 35. a3 Qe5 36. b4 (36. Nc3 $14) 36... Qa1+ $11 37. Ke2 Be5 (37... Bb6 $11) 38. Nd2 Bc3 (38... Bd4 $14) 39. Nb1 ({Only move:} 39. Qd6+ $16 Ka7 40. Qc5+ Ka8 41. Qxh5) 39... Qb2+ 40. Kf1 Qc1+ 41. Kg2 Be1 42. Qe4 Qd1 43. a4 $36 {[%mdl 2048] White has good play.} Qc1 44. b5 axb5 45. axb5 {Strongly threatening Qe5+.} b6 $2 {[%mdl 8192]} (45... Ba5 $11 {and Black stays safe.}) 46. Qe8+ $18 Kb7 47. Qd7+ ({Don't do} 47. Qxh5 Qxb1 48. Qf7+ Ka8 $18) 47... Kb8 48. Qd8+ Ka7 (48... Qc8 $142 49. Qxb6+ Ka8) 49. Qe7+ Kb8 50. Na3 Qd1 $2 (50... Qd2 51. Qe5+ Kb7) 51. Qe8+ Ka7 {( -> ...Qf3+)} 52. Qf7+ Kb8 53. Nc4 Qd4 {Now ...Bxf2 and Black clings on.} 54. Qe8+ Ka7 55. Qe7+ Ka8 56. Qxe1 (56. Qf8+ $142 Ka7 57. Nd6 Qd5+ 58. Kh2) 56... Qxc4 {[%mdl 4096] Endgame KQ-KQ} 57. Qe8+ Kb7 58. Qxh5 Qe4+ 59. Kh2 Qf3 60. Qh7+ Kb8 61. Qh8+ Kb7 62. Qg7+ Kc8 63. Qd4 Kb7 64. Qd7+ {White mates.} Kb8 65. Qd6+ Kb7 {[#]} 66. Qc6+ $1 {Accuracy: White = 55%, Black = 38%.} 1-0

[Event "World Team-ch Women 2019"]
[Site "Astana"]
[Date "2019.03.06"]
[Round "2.5"]
[White "Khotenashvili, Bela"]
[Black "Tan, Zhongyi"]
[Result "0-1"]
[WhiteElo "2474"]
[BlackElo "2513"]
[Annotator "TA"]
[PlyCount "114"]
[EventDate "2019.02.05"]
[EventType "team-tourn"]
[EventCountry "KAZ"]
[SourceTitle "playchess.com"]
[Source "ChessBase"]
[SourceQuality "1"]
[WhiteTeam "Georgia"]
[BlackTeam "China"]
[WhiteTeamCountry "GEO"]
[BlackTeamCountry "CHN"]

{[%evp 18,114,17,11,7,11,19,12,12,12,11,11,8,11,14,12,13,11,10,10,16,13,17,12,12,12,9,18,22,13,39,19,44,24,27,0,0,0,0,0,0,0,0,0,56,62,62,62,67,0,0,0,36,0,0,0,0,0,0,0,0,-34,0,-37,-60,-112,0,0,0,-52,-50,-57,-55,-57,-56,-42,-59,-206,-199,-817,-775,-755,-615,-1087,-874,-1341,-1191,-1143,-1143,-29983,-29984,-29987,-29988,-29988,-29987,-29987,-29988,-29993,-29994]} 1. d4 Nf6 2. c4 e6 3. g3 d5 4. Bg2 Be7 5. Nf3 O-O 6. O-O dxc4 7. Qc2 a6 8. a4 Bd7 9. Qxc4 Bc6 10. Bf4 Bd6 {E05: Open Catalan: 5 Nf3 Be7} 11. Qc1 Nbd7 12. Re1 Qe7 {The position is equal.} 13. Nc3 Bxf3 14. Bxf3 Bxf4 15. Qxf4 c6 16. a5 e5 17. dxe5 Nxe5 18. Bg2 {[#]} Rad8 $146 19. Red1 h6 (19... Ng6 {looks sharper.} 20. Qc4 h5 21. e3 Ne5 22. Qb3 g6) 20. Rxd8 Rxd8 21. Ra4 Ng6 22. Qb4 Rd6 23. Qb6 Kh7 24. h3 h5 25. Qb3 h4 26. Ne4 Nxe4 27. Rxe4 Qf6 28. Bf3 hxg3 29. fxg3 Qg5 30. Kg2 f5 ({Black should try} 30... Ne5 $11) 31. Re8 $14 Nh4+ 32. Kf2 Nxf3 33. Qxf3 {[%mdl 4096] Endgame KQR-KQR} (33. Qg8+ $1 $14 Kg6 34. Kxf3) 33... Rd5 $11 34. b4 Qg6 35. Rb8 Qf7 36. Qf4 Qe7 37. Qf3 {[%cal Rf3h5] [#]} Kg6 38. Rh8 Qxb4 39. Qh5+ ({Don't go for} 39. Rh4 $2 Qxa5 40. Rh8 Qc5+ 41. Kg2 Rd1 $19) 39... Kf6 40. Qe8 {h4 is the strong threat.} Qd4+ 41. Kf1 (41. Kg2 $15 Qe4+ 42. Qxe4 fxe4 43. Rb8) 41... Qe4 (41... Re5 $17 42. Qh5 Qb4) 42. Rf8+ Kg5 {[#] aiming for ...Re5.} 43. h4+ (43. Qxe4 $11 fxe4 44. Rb8) 43... Kg4 $15 {( -> ...Qh1+)} 44. Qxe4+ fxe4 {KR-KR} 45. Kg2 $1 Rxa5 46. Rf7 $1 {[%cal Rf7g7]} g6 47. Rxb7 (47. Rg7 $1 $15) 47... Ra3 $19 48. Rb6 $2 (48. Rb4 Rxg3+ 49. Kf1) 48... Rxg3+ 49. Kh2 Rc3 50. Rxa6 Rc2 51. Kg1 e3 52. Ra3 Rxe2 53. Rc3 Kf3 {Black mates.} 54. Rxc6 Rg2+ 55. Kh1 Rg4 56. Rf6+ Rf4 57. Rxg6 e2 {Accuracy: White = 52%, Black = 70%.} 0-1

[Event "World Team-ch Women 2019"]
[Site "Astana"]
[Date "2019.03.06"]
[Round "2.6"]
[White "Shen, Yang"]
[Black "Arabdize, Meri"]
[Result "1/2-1/2"]
[WhiteElo "2453"]
[BlackElo "2392"]
[Annotator "TA"]
[PlyCount "65"]
[EventDate "2019.02.05"]
[EventType "team-tourn"]
[EventCountry "KAZ"]
[SourceTitle "playchess.com"]
[Source "ChessBase"]
[SourceQuality "1"]
[WhiteTeam "China"]
[BlackTeam "Georgia"]
[WhiteTeamCountry "CHN"]
[BlackTeamCountry "GEO"]

{[%evp 15,65,31,31,29,30,35,37,36,29,19,28,23,40,28,31,33,22,8,17,6,9,0,0,0,0,-9,-11,-11,-11,-12,-3,-7,0,-7,0,-7,11,0,0,0,0,0,27,11,11,0,22,0,17,0,0,0]} 1. d4 d5 2. Nf3 Nf6 3. c4 dxc4 4. e3 e6 5. Bxc4 c5 6. O-O a6 7. dxc5 Bxc5 8. Qxd8+ Kxd8 9. Be2 {D27: Queen's Gambit Accepted: Classical main line: 7 e4!? and 7 a4} Ke7 10. Ne5 Nbd7 11. Nc4 {White is slightly better.} b6 12. Nc3 a5 13. Na4 Ba6 14. Nxc5 bxc5 15. f3 Nd5 16. Bd2 {[#]} a4 $146 ({Predecessor:} 16... N7b6) 17. Rfc1 Rhb8 18. Rc2 Nb4 19. Bxb4 Rxb4 20. Rd1 Bxc4 21. Bxc4 Rab8 22. Rdd2 g5 23. Kf2 h6 24. Be2 R8b7 25. Ke1 Nf6 26. e4 Nd7 27. Kd1 Ra7 28. a3 Rb6 29. Rc4 Ra5 {The position is equal.} 30. Rdc2 Kd6 31. Rd2+ Ke7 32. Rdc2 Kd6 33. Rd2+ {Accuracy: White = 35%, Black = 70%.} 1/2-1/2

[Event "World Team-ch Women 2019"]
[Site "Astana"]
[Date "2019.03.06"]
[Round "2.7"]
[White "Javakhishvili, Lela"]
[Black "Huang, Qian"]
[Result "1/2-1/2"]
[WhiteElo "2455"]
[BlackElo "2441"]
[Annotator "TA"]
[PlyCount "64"]
[EventDate "2019.02.05"]
[EventType "team-tourn"]
[EventCountry "KAZ"]
[SourceTitle "playchess.com"]
[Source "ChessBase"]
[SourceQuality "1"]
[WhiteTeam "Georgia"]
[BlackTeam "China"]
[WhiteTeamCountry "GEO"]
[BlackTeamCountry "CHN"]

{[%evp 21,64,-14,-22,-23,-23,-23,-33,-31,-23,-33,-25,-49,0,0,0,0,0,0,8,10,6,7,7,6,7,3,7,3,10,0,0,0,0,0,11,0,0,0,0,0,0,0,0,0,0]} 1. c4 c5 2. Nf3 Nf6 3. Nc3 Nc6 4. g3 g6 5. Bg2 Bg7 6. O-O O-O 7. d3 d5 8. cxd5 Nxd5 9. Bd2 e6 10. Qc1 b6 {A38: Symmetrical English vs ...g6: 4 Bg2 Bg7 5 Nf3 Nf6} 11. Bh6 Bb7 {LiveBook: 11 Games} 12. Nxd5 (12. Bxg7 Kxg7 13. Rd1 Rc8 14. Qd2 Nf6 15. d4 Qe7 {½-½ (15) Kovalyov,A (2621)-Shimanov,A (2610) Burlingame 2018}) 12... Qxd5 {Black has an edge.} 13. Bxg7 Kxg7 14. Qc3+ f6 15. e3 $146 ({Predecessor:} 15. Rfe1 e5 16. Nd2 Qd7 17. a3 Nd4 18. Bxb7 Qxb7 19. e3 Nf3+ 20. Nxf3 Qxf3 {½-½ (43) Larsen,B-Gheorghiu,F Lugano 1968}) 15... Qd7 16. Rfd1 Rac8 17. d4 {The position is equal.} cxd4 18. Nxd4 Nxd4 19. Rxd4 Qe7 20. Qd2 {[#] aiming for Rd7.} Rcd8 21. Bxb7 {Bf3 is the strong threat.} Rxd4 22. Qxd4 {Strongly threatening Bf3.} Qxb7 $11 {[%mdl 4096] Endgame KQR-KQR} 23. Qc4 e5 24. Rc1 Rf7 25. Qc6 Qxc6 26. Rxc6 {KR-KR} Rd7 27. a4 Kf7 28. g4 Ke7 29. Kg2 Rd6 30. Rc7+ Rd7 31. Rc6 Rd6 32. Rc7+ Rd7 {Precision: White = 50%, Black = 77%.} 1/2-1/2

[Event "World Team-ch Women 2019"]
[Site "Astana"]
[Date "2019.03.06"]
[Round "2.8"]
[White "Lei, Tingjie"]
[Black "Batsiashvili, Nino"]
[Result "1/2-1/2"]
[WhiteElo "2477"]
[BlackElo "2454"]
[Annotator "TA"]
[PlyCount "62"]
[EventDate "2019.02.05"]
[EventType "team-tourn"]
[EventCountry "KAZ"]
[SourceTitle "playchess.com"]
[Source "ChessBase"]
[SourceQuality "1"]
[WhiteTeam "China"]
[BlackTeam "Georgia"]
[WhiteTeamCountry "CHN"]
[BlackTeamCountry "GEO"]

{[%evp 9,62,10,19,21,12,0,30,29,43,32,29,23,28,28,14,18,50,52,45,41,43,7,4,0,0,0,0,0,0,0,0,0,5,-6,-9,-7,0,0,0,0,0,0,0,-8,-9,-47,-55,-65,-65,-72,0,0,0,0,-77]} 1. e4 e5 2. Nf3 Nc6 3. Bb5 Nf6 4. d3 Bc5 5. c3 O-O 6. O-O {C65: Ruy Lopez: Berlin Defence (3...Nf6), unusual lines and 4 0-0 Bc5} (6. Bg5 Be7 7. O-O d6 8. h3 h6 9. Be3 a6 10. Ba4 b5 11. Bc2 d5 12. Nbd2 Be6 13. a4 b4 {½-½ (36) Shirov,A (2643)-Giri,A (2783) St Petersburg 2018}) 6... d5 7. Nbd2 Bg4 8. Re1 {White has an edge.} Re8 9. h3 Bh5 10. exd5 Qxd5 $146 {[#] ...Bxf2+! is the strong threat.} ({Predecessor:} 10... Nxd5 11. Ne4 Bb6 12. Ng3 a6 13. Ba4 Bxf3 14. Qxf3 {1-0 (48) Walden,J (1944)-Kelbl,J (1921) FICGS email 2011}) 11. Bc4 Qd7 12. b4 Bb6 13. a4 {[%cal Ba2a4,Ba4a5][%mdl 32] aiming for a5.} a6 14. a5 Ba7 15. Qb3 h6 16. b5 axb5 17. Bxb5 e4 18. dxe4 {Hoping for a6.} Bxf3 $1 19. Nxf3 Nxe4 20. Be3 {And now Bxa7 would win.} Nd6 21. Bxc6 Qxc6 22. Bxa7 Rxe1+ 23. Rxe1 {[#] Threatens to win with Bd4.} Rxa7 24. Re5 Ra8 25. Nd4 Qd7 26. c4 Re8 27. Rxe8+ Qxe8 28. Nb5 Qe1+ 29. Kh2 {next Nxd6 is good for White.} Qxa5 ({Black should try} 29... Qe5+ $17 30. Qg3 Qxg3+ 31. Kxg3 Nxc4) 30. Nxd6 $11 Qe5+ 31. Kg1 Qe1+ {Accuracy: White = 65%, Black = 67%.} ({Better is} 31... cxd6 $11 32. Qxb7 f5) 1/2-1/2

[Event "World Team-ch Women 2019"]
[Site "Astana"]
[Date "2019.03.06"]
[Round "2.9"]
[White "Hoang, Thanh Trang"]
[Black "Abrahamyan, Tatev"]
[Result "1/2-1/2"]
[WhiteElo "2454"]
[BlackElo "2377"]
[Annotator "TA"]
[PlyCount "60"]
[EventDate "2019.02.05"]
[EventType "team-tourn"]
[EventCountry "KAZ"]
[SourceTitle "playchess.com"]
[Source "ChessBase"]
[SourceQuality "1"]
[WhiteTeam "Hungary"]
[BlackTeam "United States"]
[WhiteTeamCountry "HUN"]
[BlackTeamCountry "USA"]

{[%evp 15,60,11,16,17,22,10,7,0,20,0,0,0,9,0,0,-10,-12,-14,-1,-16,-18,-9,-12,-89,-83,-83,-83,-83,-83,-83,-85,-83,-55,-57,-47,-50,0,0,0,0,0,0,0,0,0,0,0]} 1. d4 Nf6 2. c4 e6 3. Nc3 Bb4 4. Qc2 O-O 5. a3 Bxc3+ 6. Qxc3 d5 7. Nf3 dxc4 8. Qxc4 b6 9. Bg5 {E36: Nimzo-Indian: Classical: 4...d5 5 a3} Bb7 10. Rc1 h6 (10... c5 11. dxc5 h6 12. Bxf6 Qxf6 13. Qd4 Rc8 14. e3 Qe7 15. Be2 Nd7 16. c6 Rxc6 17. Rxc6 Bxc6 {½-½ (42) Howell,D (2689)-Vitiugov,N (2709) Porto Carras 2018}) 11. Bh4 Nbd7 12. e3 c5 13. Be2 Bd5 14. Qa4 cxd4 15. exd4 {[#]} a6 $1 $36 {[%mdl 2560] Black has good play.} 16. O-O (16. Bxa6 Bb7) 16... b5 17. Qb4 $146 Qb6 18. Ne5 Rac8 19. Qe7 (19. Rfd1 $11) 19... Rxc1 20. Rxc1 {aiming for Bxf6.} Qxd4 {[%mdl 64] [#] Double Attack} 21. Nxd7 Nxd7 22. Qxd7 {And now Be7 would win.} Qxh4 23. Rc8 Rxc8 24. Qxc8+ Kh7 25. Bd3+ Be4 26. Bf1 $1 {The position is equal.} Qg4 27. Qxa6 Bxg2 $1 28. Bxg2 Qd1+ 29. Bf1 Qg4+ 30. Bg2 Qd1+ {Accuracy: White = 64%, Black = 78%.} 1/2-1/2

[Event "World Team-ch Women 2019"]
[Site "Astana"]
[Date "2019.03.06"]
[Round "2.10"]
[White "Nemcova, Katerina"]
[Black "Gara, Anita"]
[Result "1/2-1/2"]
[WhiteElo "2315"]
[BlackElo "2384"]
[Annotator "TA"]
[PlyCount "71"]
[EventDate "2019.02.05"]
[EventType "team-tourn"]
[EventCountry "KAZ"]
[SourceTitle "playchess.com"]
[Source "ChessBase"]
[SourceQuality "1"]
[WhiteTeam "United States"]
[BlackTeam "Hungary"]
[WhiteTeamCountry "USA"]
[BlackTeamCountry "HUN"]

{[%evp 15,71,6,7,0,28,-7,0,13,29,0,0,0,0,-17,27,0,51,46,42,39,39,34,43,45,40,36,35,36,50,19,41,54,108,17,18,33,62,59,54,41,43,0,0,0,0,0,0,0,25,0,0,0,0,0,0,0,1,0]} 1. Nf3 c5 2. c4 Nc6 3. Nc3 g6 4. e3 Nf6 5. d4 cxd4 6. exd4 d5 7. cxd5 Nxd5 8. Qb3 e6 9. Bg5 {A35: Symmetrical English: 2 Nc3 Nc6 3 Nf3} (9. Bb5 Bg7 10. O-O O-O 11. Bxc6 bxc6 12. Re1 Qc7 13. h3 Rb8 14. Qd1 Rd8 15. Ne4 h6 16. Bd2 Kh7 17. Rb1 Rb5 {1-0 (78) Cheparinov,I (2709)-Alekseev,E (2639) St Petersburg 2018}) 9... Be7 10. Bxe7 Qxe7 11. Bb5 O-O 12. O-O (12. Bxc6 $5 bxc6 13. O-O $11) 12... Nxc3 $146 ({Predecessor:} 12... Qd6 13. Rfe1 Bd7 14. Ne4 Qc7 15. Rac1 Rfd8 16. Ne5 Be8 17. Bxc6 Bxc6 {1-0 (39) Mimon,A-Lopez Rodriguez,H Spain 1990}) 13. bxc3 Na5 14. Qb4 Qc7 15. Ng5 {[#] Strongly threatening Nxh7.} Rd8 ({Black should play} 15... Qd8 $11 16. Ne4 b6) 16. Ne4 $36 {[%mdl 2048] White has the initiative.} Kg7 17. Rfd1 a6 18. Be2 Nc6 19. Qb2 b5 20. a4 Rb8 21. axb5 axb5 22. Nc5 Ne7 23. Bxb5 Bb7 (23... e5 $14) 24. Nxb7 (24. Qe2 $16) 24... Rxb7 $11 25. Rac1 Qc4 26. Bxc4 Rxb2 27. g3 Ra8 28. Rb1 Rxb1 $1 29. Rxb1 {[%mdl 4096] Endgame KRB-KRN} Rc8 $1 {[%cal Rc8c4]} 30. Rb4 Nf5 $1 31. d5 Nd6 32. Bb3 exd5 {The position is equal.} 33. Bxd5 Rxc3 34. Rb6 Ne8 35. Kg2 Rd3 36. Be4 {Accuracy: White = 41%, Black = 65%.} 1/2-1/2